| 000 | 00551nam a2200157 a 4500 | ||
|---|---|---|---|
| 001 | 000036376 | ||
| 005 | 20200930075710.0 | ||
| 008 | 120116s1986 cu a 000 0 spa d | ||
| 040 |
_aDO-SdBNP _bspa _cBNPHU |
||
| 082 |
_axxx _bR696c |
||
| 100 | 1 |
_aRodríguez-Loeches Fernández, Juan _962565 |
|
| 245 | 1 | 0 |
_aCirugía del abdomen agudo / _cJuan Rodríguez-Loeches Fernández ; prólogo de G. Pardo Gómez. |
| 260 |
_aLa Habana : _bEditorial Científico-Técnica, _c1986. |
||
| 300 |
_a276 p. : _bil. ; _c24 cm. |
||
| 700 | 1 |
_aPardo Gómez, G., _epról. _962566 |
|
| 999 |
_c35867 _d35867 |
||